000 01290nam a2200313Ia 4500
001 ebr10175735
003 CaPaEBR
006 m u
007 cr cn|||||||||
008 060713s2007 nyu sb 001 0 eng d
010 _z 2006050300
020 _z9781403974501 (cased)
020 _z1403974500 (cased)
040 _aCaPaEBR
_cCaPaEBR
035 _a(OCoLC)320325984
050 1 4 _aDK268.4
_b.S47 2007eb
082 0 4 _a947.084
_222
100 1 _aSherlock, Thomas D.
245 1 0 _aHistorical narratives in the Soviet Union and post-Soviet Russia
_h[electronic resource] :
_bdestroying the settled past, creating an uncertain future /
_cThomas Sherlock.
260 _aNew York ;
_aBasingstoke :
_bPalgrave Macmillan,
_c2007.
300 _aviii, 271 p.
504 _aIncludes bibliographical references and index.
533 _aElectronic reproduction.
_bPalo Alto, Calif. :
_cebrary,
_d2009.
_nAvailable via World Wide Web.
_nAccess may be limited to ebrary affiliated libraries.
650 0 _aPolitical science.
651 0 _aSoviet Union
_xPolitics and government.
655 7 _aElectronic books.
_2local
710 2 _aebrary, Inc.
856 4 0 _uhttp://site.ebrary.com/lib/rucke/Doc?id=10175735
_zAn electronic book accessible through the World Wide Web; click to view
999 _c237990
_d237990